| 000 | 00371pab a2200121 454500 | ||
|---|---|---|---|
| 008 | 180718b xxu||||| |||| 00| 0 eng d | ||
| 100 | _aBromby Daniel W. | ||
| 245 | _aReconstituting economic systems: institutions in national economic development | ||
| 362 | _a11(2) Jun 93, p.131-51 | ||
| 650 | _aEconomic Development | ||
| 773 | _aDevelopment Policy Review | ||
| 909 | _a24770 | ||
| 999 |
_c24770 _d24770 |
||